000 07270cgm a2201357Ii 4500
001 ocm48841426
003 OCoLC
005 20201231112638.0
007 vd cvaizk
008 020122p20011995cau127 vleng d
020 _a0792178785
020 _a9780792178781
024 1 _a097363304340
024 1 _a883929302963
024 1 _a032429257956
024 1 _a032429260277
028 4 1 _a33043
_bParamount Pictures
028 4 1 _a2077938
_bParamount Pictures
029 1 _aAU@
_b000060377761
035 _a(OCoLC)48841426
_z(OCoLC)466338360
_z(OCoLC)588679675
_z(OCoLC)760111886
_z(OCoLC)964432009
_z(OCoLC)969080883
_z(OCoLC)970721394
_z(OCoLC)971933948
_z(OCoLC)972119298
_z(OCoLC)974302075
_z(OCoLC)981708316
_z(OCoLC)988447331
_z(OCoLC)992009066
_z(OCoLC)994025233
_z(OCoLC)995309788
_z(OCoLC)1000118371
040 _aBIB
_beng
_erda
_cBIB
_dOCLCQ
_dUV$
_dOCLCQ
_dIBS
_dOCL
_dOCLCQ
_dRCS
_dBTCTA
_dOCLCQ
_dOCLCA
_dOCLCQ
_dBDX
_dBNO
_dOCLCO
_dTEF
_dOCLCO
_dOCLCF
_dFNP
_dCPT
_dDAC
_dOCL
_dOCLCA
_dIZ2
_dOCLCO
_dFEM
_dCHY
_dMWM
_dOCLCO
_dOCLCA
_dNRG
_dAZZPT
_dXFG
_dIOL
_dTEFMT
_dAUY
_dOCL
_dOCLCA
_dINR
_dOCLCA
_dGILDS
_dCRU
_dOCLCA
_dTXB
_dTCJ
_dDE#
_dOCLCO
_dCLMPL
_dJOY
_dDZZ
_dJYV
_dOCLCO
_dLMJ
_dOCLCO
_dLKC
_dOCLCO
_dJZU
_dLE8
_dOCLCO
_dBYV
_dOCLCO
_dZQP
_dOCLCO
_dOCL
_dOCLCQ
_dOCLCO
_dOCLCA
_dTEFMT
_dOKS
_dWACOL
041 1 _aeng
_afre
_heng
043 _an-us-ny
049 _aWACL
050 4 _aPN1995.9.L6
_bS22 2001
082 0 4 _a791.43/72
_222
092 _aDVD
_bSab
245 0 0 _aSabrina /
_cParamount Pictures presents ; in association with Constellation Films ; a Mirage/Scott Rudin/Sandollar production ; screenplay by Barbara Benedek & David Rayfiel ; produced by Scott Rudin and Sydney Pollack ; directed by Sydney Pollack.
264 1 _aHollywood, California :
_bParamount Pictures,
_c[2001]
300 _a1 videodisc (127 min.) :
_bsound, color ;
_c4 3/4 in.
336 _atwo-dimensional moving image
337 _avideo
338 _avideodisc
340 _aDVD
_b4 3/4 in.
490 1 _aWidescreen DVD collection
500 _aOriginally released as a motion picture in 1995.
500 _aBased on the 1954 film written by Billy Wilder, Samuel Taylor, and Ernest Lehman, from the play by Samuel Taylor.
506 _aFor private home use only.
508 _aMusic by John Williams ; original songs by John Williams and Alan & Marilyn Bergman ; edited by Frederic Steinkamp ; production designer, Brian Morre ; director of photography, Giuseppe Rotunno.
511 1 _aHarrison Ford, Julia Ormond, Greg Kinnear, Nancy Marchand, John Wood.
520 _aSabrina, the naive daughter of the chauffeur for an immensely wealthy family, is obsessed with David, the family's younger son. When Sabrina returns to Long Island from Paris as a sophisticated young woman, she begins a romance with David, who has meanwhile become engaged to the daughter of a wealthy family. This new romance threatens the business interests of Linus, the older son, so he pretends to court Sabrina in order to woo her away from David, but ends up falling in love with her himself.
521 8 _aRated PG; for some mild language.
521 _aDVD
_bDonation
538 _aDVD; widescreen presentation enhanced for 16x9 TVS; NTSC, region 1; Dolby Digital 5.1 Surround, Dolby Digital 2.0 Surround, Dolby Stereo.
546 _aIn English with optional French language track; closed-captioned.
650 0 _aMan-woman relationships
_vDrama.
_95673977
650 0 _aTriangles (Interpersonal relations)
_vDrama.
_95697172
650 0 _aBrothers
_vDrama.
_95708957
650 0 _aRich people
_vDrama.
_95725259
650 0 _aSocial classes
_vDrama.
_96356908
650 1 _aVideo recordings for the hearing impaired.
_96397332
650 7 _aBrothers.
_2fast
_96397333
650 7 _aMan-woman relationships.
_2fast
_96397334
650 7 _aRich people.
_2fast
_96397335
650 7 _aSocial classes.
_2fast
_96397336
650 7 _aTriangles (Interpersonal relations)
_2fast
_96391190
651 0 _aLong Island (N.Y.)
_vDrama.
_95772445
651 7 _aNew York (State)
_zLong Island.
_2fast
_95772448
651 7 _aLong Island (N.Y.)
_vDrama.
_2sears
_95772445
651 8 _aLong Island (N.Y.)
_vDrama.
_95772445
655 0 _aDVDs.
_96397337
655 4 _aRomantic comedy films.
_96397338
655 4 _aComedy films.
_96397339
655 4 _aFeature films.
_96397340
655 4 _aVideo recordings for the hearing impaired.
_96397341
655 7 _aVideo recordings for the hearing impaired.
_2fast
_96397341
655 7 _aRomantic comedy films.
_2fast
_96397338
655 7 _aRomance films.
_2fast
_95675183
655 7 _aFilms for the hearing impaired.
_2fast
_96397342
655 7 _aFilm remakes.
_2fast
_95712683
655 7 _aFilm adaptations.
_2fast
_96397343
655 7 _aFiction films.
_2fast
_96397344
655 7 _aFeature films.
_2fast
_96397340
655 7 _aDrama.
_2fast
_96397345
655 7 _aComedy films.
_2fast
_96397339
655 7 _aComedy films.
_2gsafd
_96397339
655 7 _aFeature films.
_2gsafd
_96397340
655 7 _aRomantic comedy films.
_2lcgft
_96397338
655 7 _aRomance films.
_2lcgft
_95675183
655 7 _aComedy films.
_2lcgft
_96397339
655 7 _aFilm remakes.
_2lcgft
_95712683
655 7 _aFilm adaptations.
_2lcgft
_96397343
655 7 _aFiction films.
_2lcgft
_96397344
655 7 _aFeature films.
_2lcgft
_96397340
655 7 _aVideo recordings for the hearing impaired.
_2lcgft
_96397341
655 7 _aFilms for the hearing impaired.
_2lcgft
_96397342
700 1 _aBenedek, Barbara,
_escreenwriter.
_927455
700 1 _aRayfiel, David,
_escreenwriter.
_96391200
700 1 _aRudin, Scott,
_d1958-
_efilm producer.
_923771
700 1 _aPollack, Sydney,
_d1934-2008,
_efilm producer,
_efilm director.
_913586
700 1 _aFord, Harrison,
_d1942-
_eactor.
_921898
700 1 _aOrmond, Julia,
_eactor.
_961744
700 1 _aKinnear, Greg,
_d1963-
_eactor.
_963926
700 1 _aMarchand, Nancy,
_d1928-2000,
_eactor.
_925457
700 1 _aWood, John,
_d1930-2011,
_eactor.
_96388213
700 1 _aWilliams, John,
_d1932-
_ecomposer (expression)
_913533
700 1 _aBergman, Alan,
_elyricist.
_919704
700 1 _aBergman, Marilyn,
_elyricist.
_919705
700 1 _aSteinkamp, Fredric,
_eeditor of moving image work.
_96391201
700 1 _aMorris, Brian,
_d1939-
_eproduction designer.
_96391202
700 1 _aRotunno, Giuseppe,
_edirector of photography.
_96195882
700 1 _aWilder, Billy,
_d1906-2002.
_tSabrina.
_96391203
700 1 _aTaylor, Samuel,
_d1912-2000.
_tSabrina.
_96391204
700 1 _aLehman, Ernest,
_d1915-2005.
_tSabrina.
_96391205
700 1 _aTaylor, Samuel,
_d1912-2000.
_tSabrina fair.
_96391206
710 2 _aParamount Pictures Corporation,
_epresenter,
_epublisher.
_97712
710 2 _aConstellation Films,
_epresenter.
_968011
710 2 _aMirage Enterprises (Firm),
_eproduction company.
_95798168
710 2 _aScott Rudin Productions,
_eproduction company.
_95862024
710 2 _aSandollar Productions,
_eproduction company.
_964978
730 0 _aSabrina (Motion picture : 1954)
_96391207
730 0 _aSabrina (Motion picture : 1995)
_964308
730 0 _aSabrina (Motion picture : 1995).
_lFrench.
_96391208
830 0 _aWidescreen DVD collection.
_958286
942 _2ddc
_cDVD
999 _c356524
_d356524